000 00443nam a2200133Ia 4500
008 160809s9999 xx 000 0 und d
100 _aKambhampaty, Shankar.
245 _aReference Architecture for SMAC Solutions
245 _cShankar Kambhampaty and Sasirekha Kambhampaty.
260 _bComputer Science and Information Technology
260 _cJanuary 2016
650 _xINFORMATION TECHNOLOGY
856 _uhttp://airccse.org/V6N48.html
999 _c300040
_d300040